000 01132nam0a22002531 4500
001 rc\2882280
005 20110720161221.7
035 _a(NLR Aleph) 007035065
090 _a6041590
_c6041590
100 _a20110720d1930 |||y0rusy50 ca
101 0 _arus
102 _aRU
105 _aa z |||||
200 1 _aКраткий практикум клинической лабораторной техники
_fГенох Коган, преподаватель 2-го Моск. гос. мед. ин-та
_gПод ред. проф. О.И. Бронштейна
210 _aМосква
_aЛенинград
_cГос. мед. изд-во
_d1930
_eЛенинград
_gтип. "Коминтерн" Центриздата народов СССР
215 _a232 с.
_cил., черт., граф.
_d22х15 см
320 _aБиблиография: "Руководства" (121 название)
700 1 _aКоган
_bГ. И.
_f1891-
_gГенох Израилевич
702 1 _aБронштейн
_bО. И.
_4340
801 0 _aRU
_bNLR
_gpsbo
801 1 _aRU
_bELAR
_2rusmarc
852 _aNLR
_j30-3/1048
942 _cBOOK
980 _aNB